| 000 | 00652cam a22002292 4500 | ||
|---|---|---|---|
| 001 | 0000009081 | ||
| 005 | 20151217145846.0 | ||
| 008 | 080824s xx 000 0 eng d | ||
| 020 |
_a0195551563 : _cKES 2938.60 |
||
| 040 |
_aKABU _cKABU |
||
| 100 | 1 |
_aWhite, Rob. _@0000160053 |
|
| 245 | 1 | 0 |
_aCrime and criminology / _cRob White, Fiona Haines. |
| 250 | _a4th ed. | ||
| 260 |
_aOxford : _bO. U. P., _c2008. |
||
| 300 | _aviii, 229 p. | ||
| 650 | 0 |
_aCrime. _@0000153131 |
|
| 650 | 0 |
_aCriminology. _@0000153132 |
|
| 700 | 1 |
_aHaines, Fiona. _@0000160054 |
|
| 908 | _a080824 | ||
| 950 | _@1 | ||
| 999 |
_c3362 _d3362 |
||